[Event "DVM U20w 2023"]
[Site "Magdeburg GER"]
[Date "2023.12.29"]
[Round "5"]
[White "Komar, Valerie"]
[Black "Neininger, Sarah"]
[Result "1/2-1/2"]
[Termination "normal"]
[Board "5.3"]
[WhiteElo "1386"]
[BlackElo "1611"]
[WhiteClock "00:14:14"]
[BlackClock "00:14:30"]
[WhiteTeam "SC Kreuzberg"]
[BlackTeam "VSG 1880 Offenbach"]
[PlyCount "76"]
[WhiteFideId "34139664"]
[BlackFideId "16287410"]
[EventCountry "GER"]
[EventRounds "7"]
[EventType "team-swiss"]
[EventDate "2023.12.26"]

1. e4 {[%clk 01:30:57]} {[%emt 00:00:03]} c5 {[%clk 01:30:55]} {[%emt
00:00:05]} 2. c3 {[%clk 01:31:16]} {[%emt 00:00:10]} d5 {[%clk 01:31:21]}
{[%emt 00:00:05]} 3. e5 {[%clk 01:30:19]} {[%emt 00:01:27]} d4 {[%clk
01:22:27]} {[%emt 00:09:25]} 4. cxd4 {[%clk 01:24:40]} {[%emt 00:06:08]} cxd4
{[%clk 01:20:21]} {[%emt 00:02:36]} 5. Nf3 {[%clk 01:21:01]} {[%emt 00:04:09]}
d3 {[%clk 01:15:11]} {[%emt 00:05:40]} 6. Qb3 {[%clk 01:19:12]} {[%emt
00:02:17]} Bf5 {[%clk 01:08:44]} {[%emt 00:06:59]} 7. Qxb7 {[%clk 01:15:41]}
{[%emt 00:04:01]} Nd7 {[%clk 01:07:50]} {[%emt 00:01:24]} 8. Nd4 {[%clk
01:13:12]} {[%emt 00:02:58]} Rc8 {[%clk 00:59:52]} {[%emt 00:08:27]} 9. Nc3
{[%clk 01:06:00]} {[%emt 00:07:45]} Nc5 {[%clk 00:55:40]} {[%emt 00:04:41]} 10.
Qd5 {[%clk 01:02:01]} {[%emt 00:04:26]} Qxd5 {[%clk 00:48:21]} {[%emt
00:07:52]} 11. Nxd5 {[%clk 01:02:19]} {[%emt 00:00:11]} g6 {[%clk 00:38:20]}
{[%emt 00:10:32]} 12. Nxf5 {[%clk 00:56:54]} {[%emt 00:05:55]} gxf5 {[%clk
00:38:30]} {[%emt 00:00:19]} 13. b4 {[%clk 00:55:48]} {[%emt 00:01:37]} Nd7
{[%clk 00:33:55]} {[%emt 00:05:04]} 14. Bb2 {[%clk 00:54:47]} {[%emt 00:01:31]}
e6 {[%clk 00:34:02]} {[%emt 00:00:24]} 15. Ne3 {[%clk 00:54:33]} {[%emt
00:00:43]} Bxb4 {[%clk 00:33:33]} {[%emt 00:01:01]} 16. Bxd3 {[%clk 00:54:32]}
{[%emt 00:00:31]} Ne7 {[%clk 00:30:43]} {[%emt 00:03:18]} 17. Nxf5 {[%clk
00:47:26]} {[%emt 00:07:36]} Nxf5 {[%clk 00:25:41]} {[%emt 00:05:32]} 18. Bxf5
{[%clk 00:47:48]} {[%emt 00:00:10]} exf5 {[%clk 00:24:05]} {[%emt 00:02:05]}
19. e6 {[%clk 00:48:11]} {[%emt 00:00:08]} Rg8 {[%clk 00:24:29]} {[%emt
00:00:06]} 20. exd7+ {[%clk 00:48:23]} {[%emt 00:00:17]} Kxd7 {[%clk 00:24:54]}
{[%emt 00:00:06]} 21. O-O {[%clk 00:45:31]} {[%emt 00:03:21]} Rc2 {[%clk
00:24:38]} {[%emt 00:00:46]} 22. Bd4 {[%clk 00:45:20]} {[%emt 00:00:42]} a5
{[%clk 00:24:30]} {[%emt 00:00:37]} 23. Be3 {[%clk 00:45:20]} {[%emt 00:00:31]}
Ke6 {[%clk 00:23:05]} {[%emt 00:01:55]} 24. Rfe1 {[%clk 00:43:49]} {[%emt
00:02:02]} Kf6 {[%clk 00:22:50]} {[%emt 00:00:42]} 25. Bd4+ {[%clk 00:42:54]}
{[%emt 00:01:27]} Kg6 {[%clk 00:22:58]} {[%emt 00:00:22]} 26. Re3 {[%clk
00:27:39]} {[%emt 00:15:45]} f4 {[%clk 00:21:21]} {[%emt 00:02:07]} 27. Rf3
{[%clk 00:27:33]} {[%emt 00:00:36]} Bxd2 {[%clk 00:20:51]} {[%emt 00:00:59]}
28. g3 {[%clk 00:23:41]} {[%emt 00:04:23]} Kf5 {[%clk 00:19:49]} {[%emt
00:01:31]} 29. Be3 {[%clk 00:22:36]} {[%emt 00:01:35]} Bxe3 {[%clk 00:18:08]}
{[%emt 00:02:11]} 30. fxe3 {[%clk 00:22:55]} {[%emt 00:00:11]} Rb8 {[%clk
00:14:32]} {[%emt 00:04:06]} 31. Rxf4+ {[%clk 00:22:32]} {[%emt 00:00:54]} Ke6
{[%clk 00:14:50]} {[%emt 00:00:11]} 32. Re4+ {[%clk 00:21:03]} {[%emt
00:01:57]} Kf5 {[%clk 00:14:18]} {[%emt 00:01:04]} 33. Ra4 {[%clk 00:21:03]}
{[%emt 00:00:24]} Rbb2 {[%clk 00:13:31]} {[%emt 00:01:23]} 34. Rf1+ {[%clk
00:17:19]} {[%emt 00:04:13]} Kg6 {[%clk 00:13:33]} {[%emt 00:00:28]} 35. Rg4+
{[%clk 00:14:03]} {[%emt 00:03:47]} Kh5 {[%clk 00:13:19]} {[%emt 00:00:46]} 36.
Rh4+ {[%clk 00:14:05]} {[%emt 00:00:27]} Kg6 {[%clk 00:13:43]} {[%emt
00:00:06]} 37. Rg4+ {[%clk 00:14:03]} {[%emt 00:00:32]} Kh5 {[%clk 00:14:05]}
{[%emt 00:00:07]} 38. Rh4+ {[%clk 00:14:14]} {[%emt 00:00:20]} Kg6 {[%clk
00:14:30]} {[%emt 00:00:05]} 1/2-1/2

[Event "DVM U20w 2023"]
[Site "Magdeburg GER"]
[Date "2023.12.29"]
[Round "5"]
[White "Milman, Sophie"]
[Black "Ali, Maha"]
[Result "1-0"]
[Termination "normal"]
[Board "5.4"]
[WhiteElo "1184"]
[BlackElo "1411"]
[WhiteClock "00:33:16"]
[BlackClock "00:30:17"]
[WhiteTeam "VSG 1880 Offenbach"]
[BlackTeam "SC Kreuzberg"]
[PlyCount "87"]
[WhiteFideId "34608885"]
[BlackFideId "34626581"]
[EventCountry "GER"]
[EventRounds "7"]
[EventType "team-swiss"]
[EventDate "2023.12.26"]

1. e4 {[%clk 01:30:57]} {[%emt 00:00:03]} c6 {[%clk 01:30:55]} {[%emt
00:00:06]} 2. d4 {[%clk 01:31:18]} {[%emt 00:00:08]} d5 {[%clk 01:31:19]}
{[%emt 00:00:06]} 3. exd5 {[%clk 01:31:36]} {[%emt 00:00:12]} cxd5 {[%clk
01:31:42]} {[%emt 00:00:07]} 4. c4 {[%clk 01:31:52]} {[%emt 00:00:14]} Nf6
{[%clk 01:32:04]} {[%emt 00:00:07]} 5. Nc3 {[%clk 01:31:57]} {[%emt 00:00:25]}
Nc6 {[%clk 01:32:21]} {[%emt 00:00:11]} 6. Nf3 {[%clk 01:31:50]} {[%emt
00:00:39]} Bg4 {[%clk 01:32:33]} {[%emt 00:00:19]} 7. Be3 {[%clk 01:23:11]}
{[%emt 00:09:08]} e6 {[%clk 01:27:02]} {[%emt 00:06:02]} 8. a3 {[%clk
01:19:17]} {[%emt 00:04:24]} Be7 {[%clk 01:22:10]} {[%emt 00:05:21]} 9. Be2
{[%clk 01:15:09]} {[%emt 00:04:38]} Qc7 {[%clk 01:16:59]} {[%emt 00:05:41]} 10.
O-O {[%clk 01:09:30]} {[%emt 00:06:08]} Bd6 {[%clk 01:11:35]} {[%emt 00:05:55]}
11. cxd5 {[%clk 01:06:27]} {[%emt 00:03:34]} Nxd5 {[%clk 01:07:54]} {[%emt
00:04:09]} 12. Nxd5 {[%clk 01:06:03]} {[%emt 00:00:55]} exd5 {[%clk 01:08:11]}
{[%emt 00:00:12]} 13. h3 {[%clk 01:04:36]} {[%emt 00:01:58]} Bf5 {[%clk
01:05:12]} {[%emt 00:03:30]} 14. Bd3 {[%clk 01:02:38]} {[%emt 00:02:26]} Ne7
{[%clk 01:01:40]} {[%emt 00:04:02]} 15. Bxf5 {[%clk 01:00:49]} {[%emt
00:02:20]} Nxf5 {[%clk 01:01:32]} {[%emt 00:00:39]} 16. Re1 {[%clk 00:58:41]}
{[%emt 00:02:37]} O-O {[%clk 00:59:35]} {[%emt 00:02:27]} 17. Qb3 {[%clk
00:56:52]} {[%emt 00:02:18]} Rad8 {[%clk 00:56:05]} {[%emt 00:04:01]} 18. Rac1
{[%clk 00:55:19]} {[%emt 00:02:02]} Qb8 {[%clk 00:54:46]} {[%emt 00:01:50]} 19.
Bd2 {[%clk 00:50:04]} {[%emt 00:05:44]} a6 {[%clk 00:50:48]} {[%emt 00:04:29]}
20. Bb4 {[%clk 00:49:19]} {[%emt 00:01:15]} Qa7 {[%clk 00:45:52]} {[%emt
00:05:25]} 21. Bxd6 {[%clk 00:47:35]} {[%emt 00:02:15]} Rxd6 {[%clk 00:45:38]}
{[%emt 00:00:44]} 22. Qd3 {[%clk 00:46:30]} {[%emt 00:01:34]} Nh6 {[%clk
00:42:52]} {[%emt 00:03:17]} 23. Rc7 {[%clk 00:44:40]} {[%emt 00:02:20]} Qb6
{[%clk 00:40:18]} {[%emt 00:03:04]} 24. Qc2 {[%clk 00:40:28]} {[%emt 00:04:42]}
Rc6 {[%clk 00:38:19]} {[%emt 00:02:28]} 25. Rxc6 {[%clk 00:40:31]} {[%emt
00:00:27]} Qxc6 {[%clk 00:36:25]} {[%emt 00:02:22]} 26. Qxc6 {[%clk 00:40:45]}
{[%emt 00:00:19]} bxc6 {[%clk 00:36:24]} {[%emt 00:00:30]} 27. Rc1 {[%clk
00:40:05]} {[%emt 00:01:12]} Rc8 {[%clk 00:33:56]} {[%emt 00:02:56]} 28. Ne5
{[%clk 00:39:22]} {[%emt 00:01:12]} f6 {[%clk 00:26:34]} {[%emt 00:07:53]} 29.
Rxc6 {[%clk 00:37:18]} {[%emt 00:02:35]} Re8 {[%clk 00:25:16]} {[%emt
00:01:47]} 30. Nf3 {[%clk 00:33:36]} {[%emt 00:04:13]} Re2 {[%clk 00:23:12]}
{[%emt 00:02:34]} 31. b4 {[%clk 00:32:46]} {[%emt 00:01:20]} a5 {[%clk
00:21:23]} {[%emt 00:02:18]} 32. bxa5 {[%clk 00:30:43]} {[%emt 00:02:34]} Ra2
{[%clk 00:19:20]} {[%emt 00:02:33]} 33. Rc8+ {[%clk 00:24:57]} {[%emt
00:06:16]} Kf7 {[%clk 00:19:16]} {[%emt 00:00:34]} 34. a6 {[%clk 00:24:30]}
{[%emt 00:00:57]} Ra1+ {[%clk 00:18:30]} {[%emt 00:01:16]} 35. Kh2 {[%clk
00:24:31]} {[%emt 00:00:28]} Rxa3 {[%clk 00:18:47]} {[%emt 00:00:12]} 36. Rc7+
{[%clk 00:24:19]} {[%emt 00:00:44]} Kg6 {[%clk 00:17:53]} {[%emt 00:01:23]} 37.
a7 {[%clk 00:21:49]} {[%emt 00:03:00]} Nf5 {[%clk 00:16:07]} {[%emt 00:02:15]}
38. Rd7 {[%clk 00:17:34]} {[%emt 00:04:46]} Ra1 {[%clk 00:13:34]} {[%emt
00:03:02]} 39. g4 {[%clk 00:14:57]} {[%emt 00:03:08]} Nh6 {[%clk 00:13:28]}
{[%emt 00:00:35]} 40. Kg3 {[%clk 00:11:23]} {[%emt 00:04:06]} f5 {[%clk
00:09:34]} {[%emt 00:04:25]} 41. Ne5+ {[%clk 00:05:45]} {[%emt 00:06:07]} Kf6
{[%clk 00:08:01]} {[%emt 00:02:03]} 42. Nc6 {[%clk 00:05:04]} {[%emt 00:01:11]}
Ra3+ {[%clk 00:01:36]} {[%emt 00:06:56]} 43. Kg2 {[%clk 00:03:42]} {[%emt
00:01:51]} Ke6 {[%clk 00:30:17]} {[%emt 00:01:50]} 44. Rd8 {[%clk 00:33:16]}
{[%emt 00:00:56]} 1-0

[Event "DVM U20w 2023"]
[Site "Magdeburg GER"]
[Date "2023.12.29"]
[Round "5"]
[White "Ulrich, Helena Irene"]
[Black "Sickmann, Lisa"]
[Result "0-1"]
[Termination "normal"]
[Board "6.1"]
[WhiteElo "1779"]
[BlackElo "1883"]
[WhiteClock "00:30:14"]
[BlackClock "01:00:19"]
[WhiteTeam "SK Münster 32"]
[BlackTeam "Lübecker SV 1873"]
[PlyCount "126"]
[WhiteFideId "16256000"]
[BlackFideId "16267818"]
[EventCountry "GER"]
[EventRounds "7"]
[EventType "team-swiss"]
[EventDate "2023.12.26"]

1. e4 {[%clk 01:30:59]} e5 {[%clk 01:30:56]} {[%emt 00:00:04]} 2. Nf3 {[%clk
01:31:26]} {[%emt 00:00:04]} Nc6 {[%clk 01:31:24]} {[%emt 00:00:02]} 3. d4
{[%clk 01:31:52]} {[%emt 00:00:04]} exd4 {[%clk 01:31:50]} {[%emt 00:00:04]} 4.
Nxd4 {[%clk 01:32:19]} {[%emt 00:00:02]} Nf6 {[%clk 01:32:14]} {[%emt
00:00:06]} 5. Nxc6 {[%clk 01:32:45]} {[%emt 00:00:04]} bxc6 {[%clk 01:32:39]}
{[%emt 00:00:06]} 6. e5 {[%clk 01:33:13]} {[%emt 00:00:02]} Qe7 {[%clk
01:33:05]} {[%emt 00:00:04]} 7. Qe2 {[%clk 01:33:40]} {[%emt 00:00:04]} Nd5
{[%clk 01:33:32]} {[%emt 00:00:03]} 8. c4 {[%clk 01:34:05]} {[%emt 00:00:05]}
Ba6 {[%clk 01:33:59]} {[%emt 00:00:02]} 9. b3 {[%clk 01:33:04]} {[%emt
00:01:31]} g6 {[%clk 01:34:18]} {[%emt 00:00:12]} 10. g3 {[%clk 01:33:23]}
{[%emt 00:00:11]} Bg7 {[%clk 01:33:38]} {[%emt 00:01:10]} 11. Bb2 {[%clk
01:33:39]} {[%emt 00:00:14]} O-O {[%clk 01:32:37]} {[%emt 00:01:31]} 12. Bg2
{[%clk 01:33:02]} {[%emt 00:01:07]} d6 {[%clk 01:31:45]} {[%emt 00:01:22]} 13.
Qe4 {[%clk 01:22:36]} {[%emt 00:10:55]} Nb6 {[%clk 01:27:37]} {[%emt 00:04:39]}
14. Nc3 {[%clk 01:00:39]} {[%emt 00:22:27]} Bxe5 {[%clk 01:26:13]} {[%emt
00:01:54]} 15. O-O {[%clk 00:58:14]} {[%emt 00:02:55]} d5 {[%clk 01:24:36]}
{[%emt 00:02:07]} 16. Qc2 {[%clk 00:53:31]} {[%emt 00:05:13]} dxc4 {[%clk
01:16:35]} {[%emt 00:08:31]} 17. Bxc6 {[%clk 00:46:01]} {[%emt 00:08:00]} cxb3
{[%clk 01:15:58]} {[%emt 00:01:08]} 18. axb3 {[%clk 00:45:59]} {[%emt
00:00:32]} Bxf1 {[%clk 01:15:50]} {[%emt 00:00:36]} 19. Bxa8 {[%clk 00:46:20]}
{[%emt 00:00:09]} Rxa8 {[%clk 01:15:12]} {[%emt 00:01:08]} 20. Kxf1 {[%clk
00:44:13]} {[%emt 00:02:38]} Qb4 {[%clk 01:12:33]} {[%emt 00:03:07]} 21. Re1
{[%clk 00:40:42]} {[%emt 00:04:02]} Qc5 {[%clk 01:08:47]} {[%emt 00:04:15]} 22.
Qd2 {[%clk 00:38:05]} {[%emt 00:03:07]} Bg7 {[%clk 01:06:07]} {[%emt 00:03:09]}
23. Kg1 {[%clk 00:32:03]} {[%emt 00:06:32]} f5 {[%clk 01:02:12]} {[%emt
00:04:26]} 24. Nd1 {[%clk 00:27:23]} {[%emt 00:05:10]} Nd5 {[%clk 01:00:12]}
{[%emt 00:02:30]} 25. Bxg7 {[%clk 00:25:42]} {[%emt 00:02:11]} Kxg7 {[%clk
01:00:20]} {[%emt 00:00:21]} 26. Ne3 {[%clk 00:20:59]} {[%emt 00:05:14]} Nf6
{[%clk 00:56:06]} {[%emt 00:04:45]} 27. Rc1 {[%clk 00:18:48]} {[%emt 00:02:41]}
Qe5 {[%clk 00:53:38]} {[%emt 00:02:58]} 28. f4 {[%clk 00:12:50]} {[%emt
00:06:27]} Qe7 {[%clk 00:50:08]} {[%emt 00:03:57]} 29. Qc3 {[%clk 00:12:38]}
{[%emt 00:00:45]} Kh6 {[%clk 00:44:37]} {[%emt 00:06:00]} 30. Nc4 {[%clk
00:10:53]} {[%emt 00:02:16]} Qc5+ {[%clk 00:40:06]} {[%emt 00:05:01]} 31. Qe3
{[%clk 00:09:57]} {[%emt 00:01:26]} Qxe3+ {[%clk 00:39:29]} {[%emt 00:01:06]}
32. Nxe3 {[%clk 00:10:22]} {[%emt 00:00:05]} Rb8 {[%clk 00:38:39]} {[%emt
00:01:19]} 33. Rxc7 {[%clk 00:09:32]} {[%emt 00:01:21]} Rxb3 {[%clk 00:38:55]}
{[%emt 00:00:15]} 34. Rc6 {[%clk 00:06:42]} {[%emt 00:03:20]} Rxe3 {[%clk
00:38:11]} {[%emt 00:01:14]} 35. Rxf6 {[%clk 00:07:00]} {[%emt 00:00:12]} a5
{[%clk 00:38:30]} {[%emt 00:00:12]} 36. Ra6 {[%clk 00:07:02]} {[%emt 00:00:27]}
Ra3 {[%clk 00:38:55]} {[%emt 00:00:05]} 37. Kf1 {[%clk 00:06:33]} {[%emt
00:00:59]} a4 {[%clk 00:37:03]} {[%emt 00:02:22]} 38. Ra7 {[%clk 00:06:25]}
{[%emt 00:00:38]} Ra2 {[%clk 00:36:59]} {[%emt 00:00:33]} 39. Kg1 {[%clk
00:06:02]} {[%emt 00:00:54]} Ra1+ {[%clk 00:35:57]} {[%emt 00:01:33]} 40. Kg2
{[%clk 00:06:06]} {[%emt 00:00:25]} a3 {[%clk 00:36:18]} {[%emt 00:00:10]} 41.
Kf2 {[%clk 00:05:46]} {[%emt 00:00:49]} a2 {[%clk 00:35:01]} {[%emt 00:01:47]}
42. Kg2 {[%clk 00:05:36]} {[%emt 00:00:40]} g5 {[%clk 00:35:07]} {[%emt
00:00:24]} 43. Ra6+ {[%clk 00:05:07]} {[%emt 00:01:00]} Kh5 {[%clk 00:33:49]}
{[%emt 00:01:47]} 44. Ra5 {[%clk 00:04:37]} {[%emt 00:01:00]} gxf4 {[%clk
00:32:42]} {[%emt 00:01:37]} 45. gxf4 {[%clk 00:02:59]} {[%emt 00:02:08]} Kg6
{[%clk 00:32:45]} {[%emt 00:00:27]} 46. Ra6+ {[%clk 00:03:02]} {[%emt
00:00:27]} Kf7 {[%clk 00:33:11]} {[%emt 00:00:04]} 47. Ra7+ {[%clk 00:03:25]}
{[%emt 00:00:08]} Ke6 {[%clk 00:33:37]} {[%emt 00:00:03]} 48. Ra5 {[%clk
00:03:03]} {[%emt 00:00:52]} h5 {[%clk 00:33:56]} {[%emt 00:00:11]} 49. Kh3
{[%clk 00:02:46]} {[%emt 00:00:48]} Kd6 {[%clk 00:33:01]} {[%emt 00:01:22]} 50.
Kg2 {[%clk 00:30:23]} {[%emt 00:02:56]} Kc6 {[%clk 01:03:23]} {[%emt 00:00:08]}
51. Kh3 {[%clk 00:30:37]} {[%emt 00:00:16]} Kb6 {[%clk 01:03:49]} {[%emt
00:00:04]} 52. Ra8 {[%clk 00:30:53]} {[%emt 00:00:14]} Kb5 {[%clk 01:04:11]}
{[%emt 00:00:07]} 53. Rb8+ {[%clk 00:30:59]} {[%emt 00:00:25]} Kc4 {[%clk
01:04:36]} {[%emt 00:00:05]} 54. Ra8 {[%clk 00:31:22]} {[%emt 00:00:06]} Kd3
{[%clk 01:04:52]} {[%emt 00:00:14]} 55. Kg2 {[%clk 00:31:00]} {[%emt 00:00:54]}
Ke4 {[%clk 01:05:15]} {[%emt 00:00:06]} 56. Ra4+ {[%clk 00:31:20]} {[%emt
00:00:10]} Ke3 {[%clk 01:05:40]} {[%emt 00:00:05]} 57. Kh3 {[%clk 00:31:24]}
{[%emt 00:00:26]} Kf3 {[%clk 01:04:12]} {[%emt 00:01:58]} 58. Kh4 {[%clk
00:31:00]} {[%emt 00:00:54]} Kg2 {[%clk 00:59:37]} {[%emt 00:05:05]} 59. Kxh5
{[%clk 00:31:16]} {[%emt 00:00:14]} Kxh2 {[%clk 00:59:49]} {[%emt 00:00:18]}
60. Kh4 {[%clk 00:31:14]} {[%emt 00:00:32]} Kh1 {[%clk 00:59:58]} {[%emt
00:00:20]} 61. Kh3 {[%clk 00:29:57]} {[%emt 00:01:48]} Kg1 {[%clk 01:00:09]}
{[%emt 00:00:18]} 62. Kg3 {[%clk 00:30:06]} {[%emt 00:00:23]} Kf1 {[%clk
01:00:15]} {[%emt 00:00:21]} 63. Kf3 {[%clk 00:30:14]} {[%emt 00:00:24]} Rc1
{[%clk 01:00:19]} {[%emt 00:00:26]} 0-1

[Event "DVM U20w 2023"]
[Site "Magdeburg GER"]
[Date "2023.12.29"]
[Round "5"]
[White "Schmidt, Antonia"]
[Black "Clauß, Annika"]
[Result "1-0"]
[Termination "normal"]
[Board "6.2"]
[WhiteElo "1647"]
[BlackElo "1556"]
[WhiteClock "00:46:51"]
[BlackClock "00:14:09"]
[WhiteTeam "Lübecker SV 1873"]
[BlackTeam "SK Münster 32"]
[PlyCount "51"]
[WhiteFideId "16291280"]
[BlackFideId "16261380"]
[EventCountry "GER"]
[EventRounds "7"]
[EventType "team-swiss"]
[EventDate "2023.12.26"]

1. c4 {[%clk 01:28:38]} {[%emt 00:02:21]} e6 {[%clk 01:30:42]} {[%emt
00:00:19]} 2. Nc3 {[%clk 01:28:49]} {[%emt 00:00:18]} d5 {[%clk 01:30:56]}
{[%emt 00:00:15]} 3. cxd5 {[%clk 01:29:12]} {[%emt 00:00:09]} exd5 {[%clk
01:31:15]} {[%emt 00:00:09]} 4. d4 {[%clk 01:29:39]} {[%emt 00:00:05]} c6
{[%clk 01:31:25]} {[%emt 00:00:19]} 5. Qc2 {[%clk 01:29:59]} {[%emt 00:00:10]}
Ne7 {[%clk 01:29:24]} {[%emt 00:02:31]} 6. Bg5 {[%clk 01:26:56]} {[%emt
00:03:34]} f6 {[%clk 01:20:12]} {[%emt 00:09:42]} 7. Bf4 {[%clk 01:25:03]}
{[%emt 00:02:22]} Ng6 {[%clk 01:04:44]} {[%emt 00:15:58]} 8. Bg3 {[%clk
01:22:56]} {[%emt 00:02:38]} Bd6 {[%clk 01:04:01]} {[%emt 00:01:12]} 9. e3
{[%clk 01:22:43]} {[%emt 00:00:43]} Be6 {[%clk 01:02:10]} {[%emt 00:02:20]} 10.
Bd3 {[%clk 01:22:36]} {[%emt 00:00:38]} Bf7 {[%clk 01:02:26]} {[%emt 00:00:14]}
11. Nge2 {[%clk 01:17:39]} {[%emt 00:05:27]} Ne7 {[%clk 00:54:12]} {[%emt
00:08:43]} 12. Nf4 {[%clk 01:10:30]} {[%emt 00:07:39]} Bxf4 {[%clk 00:52:50]}
{[%emt 00:01:52]} 13. Bxf4 {[%clk 01:10:56]} {[%emt 00:00:06]} Bg6 {[%clk
00:52:53]} {[%emt 00:00:25]} 14. O-O {[%clk 01:00:57]} {[%emt 00:10:29]} b5
{[%clk 00:49:04]} {[%emt 00:04:18]} 15. Ne2 {[%clk 01:00:06]} {[%emt 00:01:21]}
Bxd3 {[%clk 00:46:14]} {[%emt 00:03:21]} 16. Qxd3 {[%clk 01:00:34]} {[%emt
00:00:02]} Ng6 {[%clk 00:39:07]} {[%emt 00:07:38]} 17. Bg3 {[%clk 00:59:45]}
{[%emt 00:01:19]} Nd7 {[%clk 00:36:51]} {[%emt 00:02:46]} 18. Rac1 {[%clk
00:59:43]} {[%emt 00:00:32]} Rc8 {[%clk 00:37:13]} {[%emt 00:00:08]} 19. Qa3
{[%clk 00:59:11]} {[%emt 00:01:02]} Qb6 {[%clk 00:29:09]} {[%emt 00:08:33]} 20.
Bd6 {[%clk 00:56:41]} {[%emt 00:03:01]} a5 {[%clk 00:25:32]} {[%emt 00:04:06]}
21. Qc3 {[%clk 00:52:29]} {[%emt 00:04:43]} b4 {[%clk 00:24:28]} {[%emt
00:01:33]} 22. Qc2 {[%clk 00:52:16]} {[%emt 00:00:44]} Qa6 {[%clk 00:21:44]}
{[%emt 00:03:14]} 23. Ng3 {[%clk 00:51:06]} {[%emt 00:01:40]} Ne7 {[%clk
00:19:01]} {[%emt 00:03:12]} 24. Nh5 {[%clk 00:49:10]} {[%emt 00:02:28]} Kf7
{[%clk 00:13:55]} {[%emt 00:05:35]} 25. Bxe7 {[%clk 00:46:51]} {[%emt
00:02:49]} Kxe7 {[%clk 00:14:09]} {[%emt 00:00:15]} 26. Nxg7 {[%emt 00:07:06]}
1-0

[Event "DVM U20w 2023"]
[Site "Magdeburg GER"]
[Date "2023.12.29"]
[Round "5"]
[White "Jeschke, Melissa"]
[Black "Malinowsky, Celina"]
[Result "1-0"]
[Termination "normal"]
[Board "6.3"]
[WhiteElo "1060"]
[BlackElo "1530"]
[WhiteClock "01:12:40"]
[BlackClock "00:39:52"]
[WhiteTeam "SK Münster 32"]
[BlackTeam "Lübecker SV 1873"]
[PlyCount "43"]
[WhiteFideId "34663185"]
[BlackFideId "16266986"]
[EventCountry "GER"]
[EventRounds "7"]
[EventType "team-swiss"]
[EventDate "2023.12.26"]

1. e4 {[%clk 01:30:59]} {[%emt 12:10:12]} c5 {[%clk 01:30:51]} {[%emt
00:00:08]} 2. c3 {[%clk 01:31:27]} {[%emt 00:00:02]} Nf6 {[%clk 01:26:40]}
{[%emt 00:04:41]} 3. e5 {[%clk 01:31:55]} {[%emt 00:00:02]} Nd5 {[%clk
01:26:53]} {[%emt 00:00:17]} 4. d4 {[%clk 01:32:24]} {[%emt 00:00:01]} cxd4
{[%clk 01:26:08]} {[%emt 00:01:15]} 5. Nf3 {[%clk 01:32:52]} {[%emt 00:00:02]}
Nc6 {[%clk 01:23:00]} {[%emt 00:03:37]} 6. Bc4 {[%clk 01:33:09]} {[%emt
00:00:13]} Nb6 {[%clk 01:15:59]} {[%emt 00:07:31]} 7. Bb3 {[%clk 01:33:36]}
{[%emt 00:00:02]} h6 {[%clk 01:08:00]} {[%emt 00:08:30]} 8. cxd4 {[%clk
01:31:48]} {[%emt 00:02:17]} d6 {[%clk 01:05:43]} {[%emt 00:02:48]} 9. O-O
{[%clk 01:29:14]} {[%emt 00:03:04]} Bg4 {[%clk 01:04:08]} {[%emt 00:02:05]} 10.
h3 {[%clk 01:27:04]} {[%emt 00:02:39]} Bh5 {[%clk 01:03:54]} {[%emt 00:00:44]}
11. e6 {[%clk 01:26:02]} {[%emt 00:01:32]} d5 {[%clk 00:59:06]} {[%emt
00:05:18]} 12. exf7+ {[%clk 01:22:30]} {[%emt 00:04:03]} Bxf7 {[%clk 00:59:34]}
{[%emt 00:00:01]} 13. Ne5 {[%clk 01:22:33]} {[%emt 00:00:27]} Nxe5 {[%clk
00:59:26]} {[%emt 00:00:38]} 14. dxe5 {[%clk 01:23:01]} {[%emt 00:00:02]} e6
{[%clk 00:59:07]} {[%emt 00:00:49]} 15. f4 {[%clk 01:22:35]} {[%emt 00:00:56]}
Bc5+ {[%clk 00:58:57]} {[%emt 00:00:41]} 16. Kh1 {[%clk 01:23:02]} {[%emt
00:00:02]} Qc7 {[%clk 00:56:26]} {[%emt 00:03:01]} 17. Nc3 {[%clk 01:19:18]}
{[%emt 00:04:15]} a6 {[%clk 00:54:07]} {[%emt 00:02:49]} 18. f5 {[%clk
01:13:55]} {[%emt 00:05:53]} exf5 {[%clk 00:49:25]} {[%emt 00:05:11]} 19. Nxd5
{[%clk 01:12:05]} {[%emt 00:02:20]} Bxd5 {[%clk 00:49:19]} {[%emt 00:00:37]}
20. Bxd5 {[%clk 01:12:27]} {[%emt 00:00:07]} Rd8 {[%clk 00:49:12]} {[%emt
00:00:37]} 21. Qh5+ {[%clk 01:12:27]} {[%emt 00:00:30]} Kd7 {[%clk 00:39:52]}
{[%emt 00:09:50]} 22. Qxf5+ {[%clk 01:12:40]} {[%emt 00:00:17]} 1-0